000 00673nam a2200181Ia 4500
008 090124s9999 xx 000 0 und d
082 _b25669
100 _aराऊत मधुकर धों.
245 _a एका भाविकाची भावयात्रा
250 _a1
260 _bमॅजेस्कि बुक स्टॅाल
_c1987
300 _a416
600 _aराऊत मधुकर धों.
630 _a एका भाविकाची भावयात्रा
700 _aराऊत मधुकर धों.
730 _a एका भाविकाची भावयात्रा
942 _cBOOK
999 _c93495
_d93495